Aktiviti pengakap muda Malaysia 1

Bibliographic Details
Main Authors: Ab. Alim Abdul Rahim (Author), Balkis Wan Daud (Author)
Format: Book
Published: Kuala Lumpur : Dewan Bahasa dan Pustaka , 1990
Subjects:

MARC

LEADER 00000cam a2200000 7i4500
001 0000002804
005 20160218093000.0
008 021118s1990
020 |a 9836213325 
090 0 0 |a HS3316.M3   |b A2 
100 0 |a Ab. Alim Abdul Rahim ,   |e author 
245 0 0 |a Aktiviti pengakap muda Malaysia 1   |c Abd. Alim Ab. Rahim, Balkis Wan Daud 
260 2 |a Kuala Lumpur :   |b Dewan Bahasa dan Pustaka ,   |c 1990 
300 |a xiv, 127 p. :   |b ill. ; ;   |c 22 cm. 
504 |a Includes bibliographical references and index 
650 0 |a Boy Scouts   |z Malaysia 
700 0 |a Balkis Wan Daud ,   |e author 
999 |a 1000027347   |b Book   |c OPEN SHELF (30 DAYS)   |e Gong Badak Campus